| 000 | 00474nam a2200169Ia 4500 | ||
|---|---|---|---|
| 008 | 230714s9999 xx 000 0 und d | ||
| 020 | _a9780000000000 | ||
| 041 | _aeng | ||
| 082 |
_a006.32 _bGOO |
||
| 100 |
_aGoodfellow I. _9201938 |
||
| 245 | _aDeep Learning | ||
| 260 |
_c2016 _bThe MIT Press |
||
| 300 | _a775 | ||
| 365 |
_cRs. _b5984.00 |
||
| 700 |
_aGoodfellow I.; Bengio Y. & Courville A. _9201939 |
||
| 906 |
_dO:0687924-Jan-2020B:IN 4416-Jan-2020 _cBCOMP _b9169.88 |
||
| 999 |
_c226447 _d226447 |
||